Del "nuevo federalismo" al ¿nuevo federalismo? (2000-2010)
Guardado en:
| Autor principal: | |
|---|---|
| Formato: | Libro |
| Lenguaje: | Spanish |
| Etiquetas: |
Agregar Etiqueta
Sin Etiquetas, Sea el primero en etiquetar este registro!
|
MARC
| LEADER | 00000nam a22000007a 4500 | ||
|---|---|---|---|
| 003 | cru CIDCACS/IIS | ||
| 005 | 20170515155236.0 | ||
| 008 | 170515b 2011MX ||||| |||| 00| 0 spa d | ||
| 040 | |c cru CIDCACS/IIS | ||
| 090 | |a 04.03001 C146a | ||
| 100 | 1 | |9 4748 |a García Morales, Isabel | |
| 245 | |a Del "nuevo federalismo" al ¿nuevo federalismo? (2000-2010) |c Isabel García Morales | ||
| 300 | |a páginas 363-376 | ||
| 942 | |2 ddc |c LI | ||
| 773 | 0 | |0 19013 |9 376 |a Calderón Rodríguez, José María |b 1. era edición |d México, D.F. UNAM 2011 |o 17948 |t América Latina. | |
| 999 | |c 19319 |d 19319 | ||
